000 00592nam a2200217Ia 4500
003 OSt
005 20220923230828.0
006 a|||||r|||| 00| 0
007 ta
008 Pun
024 _a305,922
037 _cTextual
040 _aARTS
_cARTS
_bPun
041 _2Pun
_aPun
082 _aP153v247, 153L6
100 _aਸੇਵਾ ਸਿੰਘ
245 0 _aਜੰਮੂ ਕFਮੀਰ ਵਿਚ ਪੰਜਾਬੀ ਭਾFਾ ਤੇ ਸਾਹਿੱਤ
260 _c1976
942 _hP153v247, 153L6
_cTEXL
_2CC
999 _c387709
_d387709